000 00400nam a2200157Ia 4500
003 OSt
005 20230602101815.0
008 211028s2012 xx 000 0 und d
040 _cAIMIT LIBRARY
041 _aeng
100 _aRai, Krithi; Shetty, annapoorna.
_98352
_e101913
110 _aAnnapoorna Shetty
_98353
245 _aOffice automation.
260 _aMangalore
_c2012
942 _2ddc
_cPRO
999 _c219845
_d219845